The naturalisation of animals & plants in New Zealand /

Bibliographic Details
Main Author: Thomson, G. M. (George Malcolm), 1848-1933
Format: Book
Language:English
Published: Cambridge [England] : The University Press, 1922.
Subjects:

MARC

Tag First Indicator Second Indicator Subfields
LEADER 00000cam a2200000 4500
001 in00000039957
005 20151007070440.0
008 790309s1922 enkab b 00110 engm
010 |a  22020534  
035 |a (OCoLC)04730869 
035 |9 AAE4038AM 
040 |a DLC  |c IEC  |d IEC  |d TXA  |d UtOrBLW 
043 |a u-nz--- 
049 |a TXAM  |c [186692] 
050 0 |a QH197  |b .T5 
092 |a 574.9931  |b T483n 
100 1 |a Thomson, G. M.  |q (George Malcolm),  |d 1848-1933. 
245 1 4 |a The naturalisation of animals & plants in New Zealand /  |c by Geo. M. Thomson. 
264 1 |a Cambridge [England] :  |b The University Press,  |c 1922. 
300 |a x, 607 pages :  |b illustrations (map) ;  |c 25 cm. 
336 |a text  |b txt  |2 rdacontent 
337 |a unmediated  |b n  |2 rdamedia 
338 |a volume  |b nc  |2 rdacarrier 
504 |a Bibliography: pages [569]-584. 
650 0 |a Natural history  |z New Zealand. 
999 |a MARS 
999 f f |s 15c21c88-ffec-379f-b92d-38a8184ad357  |i 1ffac57e-1053-3d28-b24e-e3ba0e51767d  |t 0 
952 f f |p ric  |a Texas A&M University  |b Rellis Campus  |c Joint Library Facility  |d Remote Storage  |t 0  |e QH197 .T5  |h Library of Congress classification  |i unmediated -- volume  |m A14800976656 
998 f f |a QH197 .T5  |t 0  |l Remote Storage